000 00868cam a2200265 i 4500
001 45189
003 BD-RjUL
005 20211209053957.0
008 160724s1977 ii af b 000 0 eng
020 _cRs50.00
035 _a(BD-RjUL)45307)
040 _aBD-RjUL
_beng
_cBD-RjUL
_dBD-RjUL
041 _aeng
082 _a338.520954
_223
_bCHB 1977
100 1 _aChakrabarti, Santi K.
_9138432
245 1 4 _aThe behaviour of prices in India, 1952-70 :
_ban empirical study /
_cSanti K. Chakrabarti.
260 _aDelhi :
_bMacmillan Co. of India,
_cc1977
300 _axii, 202 p. :
_bill. ;
_c23 cm.
500 _aA revision of the author's thesis, London School of Economics, 1970.
504 _aBibliography: p. [197]-202.
650 0 _aPrices
_zIndia.
_9138433
650 0 _aPrice regulation
_zIndia.
_9138434
942 _2ddc
_cBK
999 _c45189
_d45189